000 00822nmc a2200301 a 4500
003 AR-Y00000XR
005 20251128211840.0
008 157020s2006 ||||||||||||||000 | spa||
020 _a950-802-222-1
040 _cAR-Y00000XR
100 1 _aCorrosa, Norma
245 1 0 _aEl trabajo social en el área educativa
_bdesafíos y perspectivas
250 _a1ª ed.
260 _aBuenos Aires
_bEspacio Editorial
_c2006
300 0 _a174 p.
490 0 _aCiencias sociales
650 4 _aTRABAJO SOCIAL
650 4 _aPOBREZA
650 4 _aSERVICIOS SOCIALES
650 4 _aTRABAJADORES SOCIALES
651 4 _aBuenos Aires [Provincia]
653 0 _aSISTEMA EDUCATIVO
653 0 _aORIENTACION EDUCATIVA
700 1 _aLópez, Edith
700 1 _aMonticelli, Juan Martín
942 _cBK
998 _cmi-desc
999 _c21377
_d21377